| 000 | 01960pam a2200469 i 4500 | ||
|---|---|---|---|
| 001 | BK0020735192 | ||
| 005 | 20260108171801.0 | ||
| 008 | 180308s2018 onca j 6 000 0 eng d | ||
| 010 | _abl2018029812 | ||
| 020 |
_a9780735262454 : HRD _c12.99 |
||
| 020 |
_a0735262454 : HRD _c12.99 |
||
| 037 |
_bMcClelland & Stewart Ltd, C/O Penguin Random House Order Dept 404 Hahn rd, Westminster, MD, USA, 21157 _nSAN 201-3975 |
||
| 040 |
_aNjBwBT _beng _cNjBwBT _erda _dGCmBT |
||
| 050 | 1 | 4 |
_aPZ7.7.C56 _bPe 2018 |
| 082 | 0 | 4 |
_a741.5/973 _223 |
| 092 | _a741.5973 | ||
| 100 | 1 |
_aClanton, Ben, _d1988- _eauthor, _eartist. _95791651 |
|
| 240 | 1 | 0 |
_aGraphic novels. _kSelections |
| 245 | 1 | 0 |
_aPeanut butter and Jelly / _bPeanut Butter and Jelly _cBen Clanton. |
| 264 | 1 |
_a[Toronto, Ontario] : _bTundra, _c[2018] |
|
| 300 |
_a64 pages : _bcolor illustrations ; _c22 cm. |
||
| 336 | _atext | ||
| 336 | _astill image | ||
| 337 | _aunmediated | ||
| 338 | _avolume | ||
| 490 | 1 |
_aNarwhal and Jelly ; _v3 |
|
| 500 | _aChiefly illustrations. | ||
| 505 | 0 | _aA sweet and salty story! -- Ahoy, peanut butter? -- Peanut A.K.A. mini Narwhal. | |
| 520 | _aA collection of three stories featuring Narwhal and Jelly, including one in which Narwhal's obession with peanut butter has gotten so extreme he wants to change his name. | ||
| 650 | 1 |
_aNarwhal _vFiction. _95722094 |
|
| 650 | 1 |
_aJellyfishes _vFiction. _95689960 |
|
| 650 | 1 |
_aMarine animals _vFiction. _95679221 |
|
| 650 | 1 |
_aFriendship _vFiction. _95673769 |
|
| 650 | 1 |
_aOcean _vFiction. _95719409 |
|
| 650 | 1 | _aGraphic novels. | |
| 655 | 0 | _aGraphic novels. | |
| 700 | 1 | 2 |
_aClanton, Ben, _d1988- _tSweet and salty story! _96558687 |
| 700 | 1 | 2 |
_aClanton, Ben, _d1988- _tAhoy, peanut butter? _96558688 |
| 700 | 1 | 2 |
_aClanton, Ben, _d1988- _tPeanut A.K.A. mini Narwhal. _96558689 |
| 800 | 1 |
_aClanton, Ben, _d1988- _tNarwhal and Jelly book ; _v3. _96364619 |
|
| 942 |
_2ddc _cBOOK |
||
| 999 |
_c234899 _d234899 |
||